1095 1412 1297 1298 1670 1348 1881 1813 1758 1449 1768 1126 1751 1178 1852 1828 1647 1786 1950 1692 1139 1391 1606 1232 1645 1533 1553 1999 1520 1687 1767 1319 1755 1357 1188 1323 1089 1348 1918 1058 1261 1976 1250 1118 1150 1143 1320 1330 1567 1780 1737 1084 1818 1521 1012 1298 1170 1089 1248 1192 1012 1315 1798 1409 1333 1120 1292 1895 1637 1846 1995 1925 1419 1586 1221 1064 1114 1566 1025 1276 1163 1428 1602 1566 1738 1890 1556 1897 1828 1642 1262 1281 1086 1287 1823 1470 1961 1442 1220 BCNSPRNW ULIB Ver.6.0+V

เปลี่ยนเป็นภาษาไทย

Change to English
 แสดงรายละเอียดบรรณานุกรม
  กลับหน้าหลัก

Brief Record : Get Marc (ISO 2709) : E-mail record : QR code < ปิดหน้าต่าง
LEADER : 00000nam 2200000uu 4500
001    13399121128
003     ULIB
008    121106s2551||||th 000 0 tha d
020    ^a9786165380058
050  4 ^aLB2369^bพ771ก
100 0  ^aดนัย ไชยโยธา
245 10 ^aการเขียนผลงานทางวิชาการและงานวิจัย/^cดนัย ไชยโยธา
250    ^aพิมพ์ครั้งที่ 2
260    ^aกรุงเทพฯ :^bโอเดียนสโตร์,^c2551
300    ^a140 หน้า
945    ^p110^l0^i16632
995    ^aวิภา
999 ^a ทศพร
รายการนี้ยังไม่มีแท็ก
คุณยังไม่ได้ล็อกอิน คุณสามารถมีกิจกรรมร่วมกับเว็บไซต์ได้ แต่ต้องล็อกอินก่อน ::
  ล็อกอิน

รายการสื่อสารสนเทศ

ลำดับที่ ประเภท เลขเรียก/บาร์โค้ด สถานที่ สถานะ
1. วิทยาศาสตร์การแพทย์ และสุขภาพ
วิทยาศาสตร์การแพทย์ และสุขภาพ
LB2369 พ771ก  
  Barcode: 16632
ห้องสมุดวิทยาเขตสวรรค์ประชารักษ์
►หนังสือทั่วไป
บนชั้น

รายการใกล้เคียง
    ผู้แต่ง [ดนัย ไชยโยธา]

BibComment


ยังไม่เคยถูกคอมเมนท์

คอมเมนท์ทรัพยากรรายการนี้
  คอมเมนท์: การเขียนผลงานทาง..


 Copyright 2026. Bcnsprnw @Library